000 01147nam a22002657a 4500
005 20100929123754.0
008 100928t xxu||||| |||| 00| 0 hin d
010 _aHIN-90674
020 _c160.00
_a9788174083746
035 _aHN-63020
037 _bDBAD / PUB
040 _aDPL
_bHN
082 _a920.72
100 _aबानो सरताज
_922145
245 _aभारत की इक्यावन प्रथम महिलाएं /
_cबानो सरताज
246 _aBharat ki ikyavan pratham mahilayen
_bby Bano Sartaj
260 _aनुई दिल्ली
_bअयन प्रकाशन
_c2009
270 _a1/20, महरौली
_bनई दिल्ली
_e110030
_k011-26645812
_mayanprakashan@rediffmail.com
300 _a132पृ.
_c22सेमी (सजिल्द)
_bसचित्र
650 _91169
700 _922273
700 _922352
942 _2ddc
_cHN
_h920.72
_mबानोस
999 _c47975
_d47975